[Event "Forni di Sopra op 15th"]
[Site "Forni di Sopra"]
[Date "2024.06.12"]
[Round "6"]
[White "Kumaresh, A."]
[Black "Adarsh, D."]
[Result "1-0"]
[WhiteElo "1924"]
[BlackElo "1756"]
[PlyCount "105"]
[EventDate "2024.06.08"]
[EventType "swiss"]
[EventRounds "9"]
[EventCountry "ITA"]
[SourceTitle "CBM 220 Extra"]
[Source "ChessBase"]
[SourceDate "2024.07.31"]
[SourceVersion "1"]
[SourceVersionDate "2024.07.31"]
[SourceQuality "1"]

1. c4 Nf6 2. g3 c6 3. Bg2 d5 4. Nf3 Nbd7 5. d4 g6 6. 0-0 Bg7 7. cxd5 cxd5 8. Nc3 0-0 9. h3 a6 10. Ne5 e6 11. Nf3 b5 12. Bg5 Bb7 13. Rc1 Qb6 14. Bxf6 Bxf6 15. h4 h5 16. Qd2 Qd6 17. Nb1 Rac8 18. e3 Rfd8 19. Rfd1 Be7 20. Ne1 Rxc1 21. Rxc1 Rc8 22. Rxc8+ Bxc8 23. Qc3 Bb7 24. Nd2 Qc6 25. Qxc6 Bxc6 26. Nb3 Nb6 27. Nd3 Nc4 28. Nbc5 Bxc5 29. dxc5 f6 30. Kf1 a5 31. b3 Nd2+ 32. Ke1 Nb1 33. b4 a4 34. Nf4 Kf7 35. Bh3 Bd7 36. Nxd5 exd5 37. Bxd7 Nc3 38. Kd2 Nxa2 39. Bxb5 Ke7 40. Bxa4 Nxb4 41. Kc3 Na6 42. Kd4 Nb4 43. Bb3 Ke6 44. e4 Nc6+ 45. Kc3 Ne7 46. exd5+ Kd7 47. Kc4 Nf5 48. Ba4+ Kd8 49. Bc2 Ne7 50. c6 g5 51. Kc5 f5 52. d6 Nc8 53. c7+ 1-0

[Event "IND-ch U13"]
[Site "Secunderabad"]
[Date "2023.12.05"]
[Round "2"]
[White "Venkat, Raghav"]
[Black "Adarsh, D."]
[Result "1-0"]
[WhiteElo "2205"]
[BlackElo "1411"]
[PlyCount "149"]
[EventDate "2023.12.04"]
[EventType "swiss"]
[EventRounds "11"]
[EventCountry "IND"]
[SourceTitle "EXT 2025"]
[Source "ChessBase"]
[SourceDate "2024.10.14"]
[SourceVersion "1"]
[SourceVersionDate "2024.10.14"]
[SourceQuality "1"]

1. e4 e5 2. Nf3 Nc6 3. Bc4 Bc5 4. c3 Nf6 5. d3 0-0 6. 0-0 d6 7. Re1 a5 8. d4 Bb6 9. h3 h6 10. Be3 exd4 11. cxd4 d5 12. exd5 Ne7 13. Nc3 Nexd5 14. Qb3 Be6 15. Na4 Re8 16. Rad1 c6 17. Nc5 Bxc5 18. dxc5 Qc7 19. Bd4 a4 20. Qa3 Nd7 21. Ne5 b5 22. cxb6 N7xb6 23. Bf1 f6 24. Nc4 Nxc4 25. Bxc4 Nf4 26. Bf1 Bd5 27. Qg3 Rxe1 28. Rxe1 Ne6 29. Qxc7 Nxc7 30. a3 Ne6 31. Bc3 Kf7 32. h4 Re8 33. Be2 Nf4 34. Bf1 Ng6 35. Rxe8 Kxe8 36. g3 Ne5 37. Be2 Ke7 38. Bd1 Bb3 39. Bxb3 axb3 40. Bxe5 fxe5 41. Kf1 Kd6 42. Ke2 Kd5 43. Kd3 g5 44. hxg5 e4+ 45. Kc3 hxg5 46. Kxb3 Kd4 47. a4 Kd3 48. a5 Ke2 49. a6 Kxf2 50. a7 e3 51. a8Q e2 52. Qa7+ Kf1 53. Qf7+ Kg2 54. Qe6 Kf2 55. Qf5+ Kg2 56. Qe4+ Kf2 57. Qd4+ Kf1 58. Qc4 Kf2 59. Qc5+ Kf1 60. Qxc6 e1Q 61. Qh1+ Kf2 62. Qxe1+ Kxe1 63. Kc3 Kf2 64. b4 Kxg3 65. b5 Kf2 66. b6 g4 67. b7 g3 68. b8Q g2 69. Qf4+ Ke2 70. Qg3 Kf1 71. Qf3+ Kg1 72. Kd2 Kh2 73. Qf2 Kh1 74. Qh4+ Kg1 75. Ke3 1-0